Katalóg hodín - Stará radnica

Bibliographic Details
Main Author: Kresánková, Lujza (Author)
Other Authors: Grúberová, Lýdia (Photographer), Molnár, Alexander (Photographer), Víghová, Jana (Photographer)
Format: Book
Language:Slovak
Published: Bratislava Slavín [1978]
Edition:[1. vyd.]
Subjects:

MARC

LEADER 00000nam a2200000 a 4500
001 vtls010303037
003 SK-MaSNL
005 20260301031959.0
008 240318s1978 xo o f 000 0dslo
020 |q (brož.) 
040 |a SNK  |b slo  |c SNK  |e AACR2 
041 0 |a slo 
044 |a xo  |c SK 
072 7 |a 681  |x Presná mechanika a prístroje. Hudobné nástroje  |2 konspekt 
080 |a 681.111/.118  |2 2001 
080 |a (083.824)  |2 2001 
100 1 |a Kresánková, Lujza  |4 aut  |9 328444 
245 1 0 |a Katalóg hodín - Stará radnica  |c [... katalóg: Lujza Kresánková ; fotografie: Lýdia Grúberová, Alexander Molnár, Jana Víghová] 
250 |a [1. vyd.] 
260 |a Bratislava  |b Slavín  |c [1978] 
300 |a [56] s.  |b fotogr. (čiast. fareb.)  |c 21 cm 
500 |a Vydané pre Mestské múzeum, Bratislava 
610 2 7 |a Múzeum mesta Bratislavy  |2 SNKKA  |9 177629 
650 0 7 |a hodiny  |2 SNKPH  |9 29684 
655 7 |a katalógy výstav  |2 SNKPH  |9 70445 
700 1 |a Grúberová, Lýdia  |4 pht  |9 328445 
700 1 |a Molnár, Alexander  |4 pht  |9 5715 
700 1 |a Víghová, Jana  |4 pht  |9 328446 
958 |a OND 
999 |c 577621  |d 579551 
952 |a SNK  |b SNK  |y PREZ  |7 0  |p 17A0631735  |o snkOSC 25634  |i snk2011/17286  |8 1  |0 0  |1 0  |4 0  |d 2011-08-11  |l 0  |r 2026-02-23 14:38:46  |w 2026-02-23